000
00310nam a2200133Ia 4500
008
220204s9999 xx 000 0 und d
082
_a
535.6
_b
WYS
100
_a
Stiles, W S
245
0
_a
Color science
250
_a
Ed.2
260
_a
New York
_b
John Wiley
_c
1982
700
_a
Wyszecki, Gunter
942
_c
BK
999
_c
38080
_d
38080